[Event "Titled Tuesday intern op 2nd Aug"]
[Site "Chess.com INT"]
[Date "2016.08.02"]
[Round "9"]
[White "Lopez Idarraga, Daniel Eduardo"]
[Black "Novichkov, Vadim"]
[Result "0-1"]
[WhiteElo "2081"]
[BlackElo "2440"]
[PlyCount "112"]
[EventDate "2016.08.02"]
[EventType "swiss (blitz)"]
[EventRounds "9"]
[EventCountry "USA"]
[SourceTitle "EXT 2021"]
[Source "ChessBase"]
[SourceDate "2020.10.23"]
[SourceVersion "1"]
[SourceVersionDate "2020.10.23"]
[SourceQuality "1"]

1. e4 Nf6 2. Nc3 d5 3. d4 dxe4 4. Bg5 Nbd7 5. f3 e3 6. Bxe3 e6 7. Qd2 b6 8. 0-0-0 Bb7 9. Bd3 Bb4 10. Kb1 Nd5 11. Nge2 0-0 12. a3 Nxe3 13. Qxe3 Bxc3 14. Nxc3 Re8 15. h4 a6 16. h5 h6 17. g4 Qg5 18. Qxg5 hxg5 19. Be4 Rab8 20. Bxb7 Rxb7 21. h6 Nf6 22. hxg7 Kxg7 23. d5 Rbb8 24. d6 cxd6 25. Rxd6 Rec8 26. Rhd1 Rc4 27. R1d4 Rc7 28. Na4 b5 29. Nc3 a5 30. Ra6 b4 31. axb4 axb4 32. Ne4 Nxe4 33. Rxe4 Rb5 34. Ra4 Rcb7 35. b3 R7b6 36. Kc1 Kg6 37. Kd2 f5 38. Rc4 Kf6 39. Ra8 Rd5+ 40. Ke3 f4+ 41. Ke2 Rbd6 42. Ra1 Rd2+ 43. Kf1 Rh2 44. Kg1 Rdd2 45. Rxb4 Rdg2+ 46. Kf1 Rxc2 47. Kg1 Rcg2+ 48. Kf1 Rg3 49. Ra6 Rxf3+ 50. Kg1 Re2 51. Rb8 Rc3 52. Kf1 Rh2 53. Kg1 Rb2 54. Ra1 Rcxb3 55. Rxb3 Rxb3 56. Kf2 Rg3 0-1

[Event "Titled Tuesday intern op 2nd Aug"]
[Site "Chess.com INT"]
[Date "2016.08.02"]
[Round "6"]
[White "Novichkov, Vadim"]
[Black "Bian, Alex"]
[Result "1-0"]
[WhiteElo "2440"]
[BlackElo "2300"]
[PlyCount "89"]
[EventDate "2016.08.02"]
[EventType "swiss (blitz)"]
[EventRounds "9"]
[EventCountry "USA"]
[SourceTitle "EXT 2021"]
[Source "ChessBase"]
[SourceDate "2020.10.23"]
[SourceVersion "1"]
[SourceVersionDate "2020.10.23"]
[SourceQuality "1"]

1. e4 c5 2. Nf3 Nc6 3. d4 cxd4 4. Nxd4 g6 5. Nc3 Bg7 6. Be3 Nf6 7. f3 0-0 8. g4 Qb6 9. Ncb5 Qd8 10. g5 Nh5 11. Qd2 d5 12. 0-0-0 Nxd4 13. Bxd4 dxe4 14. fxe4 Bg4 15. Be2 Bxe2 16. Qxe2 Qa5 17. Bxg7 Kxg7 18. Nc3 Rad8 19. Qg4 b5 20. a3 b4 21. axb4 Qxb4 22. Nd5 Qa5 23. Kb1 Rb8 24. e5 Rfd8 25. Nxe7 Rxd1+ 26. Rxd1 Qxe5 27. Qd4 Rb5 28. Qxe5+ Rxe5 29. Nc6 Rxg5 30. Nxa7 Nf4 31. b4 Nd5 32. Rd4 Nb6 33. c4 Rg1+ 34. Kb2 Rg2+ 35. Kb3 Rxh2 36. c5 Rh3+ 37. Ka2 Na4 38. c6 Rc3 39. b5 Kf6 40. Rxa4 Ke6 41. b6 Kd6 42. c7 f5 43. c8Q Rxc8 44. Nxc8+ Kc6 45. Rb4 1-0

[Event "Titled Tuesday intern op 2nd Aug"]
[Site "Chess.com INT"]
[Date "2016.08.02"]
[Round "3"]
[White "Novichkov, Vadim"]
[Black "Kovalenko, Igor"]
[Result "0-1"]
[WhiteElo "2440"]
[BlackElo "2664"]
[PlyCount "100"]
[EventDate "2016.08.02"]
[EventType "swiss (blitz)"]
[EventRounds "9"]
[EventCountry "USA"]
[SourceTitle "EXT 2021"]
[Source "ChessBase"]
[SourceDate "2020.10.23"]
[SourceVersion "1"]
[SourceVersionDate "2020.10.23"]
[SourceQuality "1"]

1. d4 d6 2. e4 Nf6 3. Nc3 g6 4. Be2 Bg7 5. h4 h5 6. Nh3 c6 7. a4 a5 8. Ng5 e6 9. f3 Na6 10. Be3 Nb4 11. Kf2 Qc7 12. g3 b6 13. Bf4 Nd7 14. Qd2 e5 15. Be3 0-0 16. Rad1 Nf6 17. dxe5 dxe5 18. Qd6 Qb7 19. Qd2 Bd7 20. Bc4 Rad8 21. Qe2 b5 22. axb5 cxb5 23. Nxb5 Bxb5 24. Bxb5 Rxd1 25. Rxd1 Nxc2 26. Bc5 Nd4 27. Bxd4 exd4 28. Bc4 Nd7 29. f4 Qb6 30. Kg2 Nf6 31. e5 Ng4 32. e6 Ne3+ 33. Kh3 fxe6 34. Nxe6 Rc8 35. Ba2 Kh8 36. Nxg7 Kxg7 37. Qd2 Qc6 38. Qxd4+ Kh7 39. Qxe3 Re8 40. Qd3 Re7 41. Qd8 Qf6 42. Qg8+ Kh6 43. Rd8 Qf5+ 44. Kg2 Qe4+ 45. Kh3 Qf5+ 46. Kg2 Qe4+ 47. Kh2 Qe2+ 48. Kg1 Qe1+ 49. Kg2 Re2+ 50. Kf3 Qf1# 0-1

[Event "Serpukhov-F"]
[Site "Serpukhov"]
[Date "2003.??.??"]
[Round "6"]
[White "Lagvilava, Genrieta"]
[Black "Novichkov, Vadim"]
[Result "1/2-1/2"]
[WhiteElo "2290"]
[BlackElo "2420"]
[PlyCount "30"]
[EventDate "2003.??.??"]
[EventType "tourn"]
[EventRounds "13"]
[EventCountry "RUS"]
[EventCategory "1"]
[SourceTitle "EXT 2005"]
[Source "ChessBase"]
[SourceDate "2004.11.15"]
[SourceVersion "1"]
[SourceVersionDate "2004.11.15"]
[SourceQuality "1"]

1. d4 d5 2. c4 dxc4 3. Nf3 Nf6 4. e3 e6 5. Bxc4 a6 6. 0-0 c5 7. Nc3 cxd4 8. Nxd4 Be7 9. b3 0-0 10. Bb2 b5 11. Be2 Bb7 12. Bf3 Qb6 13. Bxb7 Qxb7 14. Qf3 Qxf3 15. Nxf3 Nc6 1/2-1/2

[Event "Serpukhov-F"]
[Site "Serpukhov"]
[Date "2003.??.??"]
[Round "3"]
[White "Novichkov, Vadim"]
[Black "Golovchenko, Gleb"]
[Result "1-0"]
[WhiteElo "2420"]
[BlackElo "2260"]
[PlyCount "57"]
[EventDate "2003.??.??"]
[EventType "tourn"]
[EventRounds "13"]
[EventCountry "RUS"]
[EventCategory "1"]
[SourceTitle "EXT 2005"]
[Source "ChessBase"]
[SourceDate "2004.11.15"]
[SourceVersion "1"]
[SourceVersionDate "2004.11.15"]
[SourceQuality "1"]

1. d4 Nf6 2. c4 e6 3. Nf3 b6 4. g3 Ba6 5. b3 d5 6. Bg2 dxc4 7. Ne5 Bb4+ 8. Kf1 Bc5 9. Bb2 c6 10. Nxc6 Nxc6 11. Bxc6+ Ke7 12. Kg2 Rc8 13. Bf3 Bb4 14. bxc4 Bxc4 15. e4 g5 16. h3 h5 17. e5 Nd5 18. Bxh5 Qg8 19. Bg4 f5 20. exf6+ Nxf6 21. Bf3 g4 22. hxg4 Qg7 23. d5 Rxh1 24. Qxh1 Rh8 25. g5 Rxh1 26. gxf6+ Qxf6 27. Bxf6+ Kxf6 28. Kxh1 exd5 29. a4 1-0

[Event "Serpukhov-H"]
[Site "Serpukhov"]
[Date "2003.??.??"]
[Round "1"]
[White "Novichkov, Vadim"]
[Black "Markosian, David S"]
[Result "1/2-1/2"]
[WhiteElo "2420"]
[BlackElo "2439"]
[PlyCount "28"]
[EventDate "2003.??.??"]
[EventType "tourn"]
[EventRounds "11"]
[EventCountry "RUS"]
[EventCategory "2"]
[SourceTitle "EXT 2005"]
[Source "ChessBase"]
[SourceDate "2004.11.15"]
[SourceVersion "1"]
[SourceVersionDate "2004.11.15"]
[SourceQuality "1"]

1. d4 Nf6 2. c4 g6 3. Nc3 d5 4. cxd5 Nxd5 5. e4 Nxc3 6. bxc3 Bg7 7. Nf3 c5 8. Rb1 0-0 9. Be2 cxd4 10. cxd4 Qa5+ 11. Bd2 Qxa2 12. Qc1 Nc6 13. Bc4 Qa4 14. Bb5 Qa2 1/2-1/2

[Event "Voronezh op 6th"]
[Site "Voronezh"]
[Date "2002.06.17"]
[Round "5"]
[White "Ovetchkin, Roman"]
[Black "Novichkov, Vadim"]
[Result "1-0"]
[WhiteElo "2515"]
[BlackElo "2405"]
[PlyCount "105"]
[EventDate "2002.06.12"]
[EventType "swiss"]
[EventRounds "9"]
[EventCountry "RUS"]
[SourceTitle "CBM 088 Extra"]
[Source "ChessBase"]
[SourceDate "2002.07.01"]
[SourceVersion "2"]
[SourceVersionDate "2002.07.01"]
[SourceQuality "1"]

1. Nf3 Nf6 2. c4 c6 3. d4 d5 4. Nc3 e6 5. g3 dxc4 6. Bg2 b5 7. Ne5 Nd5 8. a4 Bb4 9. 0-0 0-0 10. axb5 Bb7 11. Nxd5 cxd5 12. Nxc4 Qd7 13. Qa4 dxc4 14. Qxb4 Bxg2 15. Kxg2 Rc8 16. Bf4 Qb7+ 17. f3 Nd7 18. Rfc1 Qd5 19. Rd1 f5 20. Qd6 Qxb5 21. Qxe6+ Kh8 22. Rd2 a5 23. g4 fxg4 24. Qxg4 Ra6 25. Bg3 Re8 26. e4 a4 27. Ra3 Rg6 28. Qf5 Qxf5 29. exf5 Ra6 30. Rc2 Rc8 31. Be5 Kg8 32. Kf2 Kf7 33. Rac3 Nb6 34. f4 Ra5 35. Rg3 Rg8 36. Ke1 Rb5 37. Rcg2 g6 38. Rh3 h5 39. Rhg3 Nd5 40. Rxg6 Ne7 41. Rxg8 Nxg8 42. Rg7+ Kf8 43. Ra7 Rxb2 44. d5 c3 45. Bxc3 Rb5 46. Bg7+ Ke8 47. f6 Nxf6 48. Bxf6 Rxd5 49. Be5 Rd3 50. Rxa4 Rh3 51. Ra2 Kf7 52. f5 h4 53. Kf2 1-0

[Event "Voronezh op 6th"]
[Site "Voronezh"]
[Date "2002.06.14"]
[Round "3"]
[White "Chernyshov, Konstantin"]
[Black "Novichkov, Vadim"]
[Result "1-0"]
[WhiteElo "2520"]
[BlackElo "2405"]
[PlyCount "42"]
[EventDate "2002.06.12"]
[EventType "swiss"]
[EventRounds "9"]
[EventCountry "RUS"]
[SourceTitle "CBM 088 Extra"]
[Source "ChessBase"]
[SourceDate "2002.07.01"]
[SourceVersion "2"]
[SourceVersionDate "2002.07.01"]
[SourceQuality "1"]

1. d4 Nf6 2. c4 e6 3. Nf3 b6 4. g3 Ba6 5. Qa4 c6 6. Nc3 d5 7. cxd5 b5 8. Qc2 cxd5 9. e3 Qc8 10. Bd2 Nbd7 11. Qb3 b4 12. Nb5 Bxb5 13. Bxb5 a6 14. Rc1 Qb8 15. Bc6 Ra7 16. Ne5 Rc7 17. Qa4 Bd6 18. Ke2 Bxe5 19. dxe5 Ne4 20. Bxb4 a5 21. Ba3 Kd8 1-0

[Event "Serpukhov-B"]
[Site "Serpukhov"]
[Date "2002.??.??"]
[Round "10"]
[White "Novichkov, Vadim"]
[Black "Markosian, David S"]
[Result "1/2-1/2"]
[WhiteElo "2420"]
[BlackElo "2399"]
[PlyCount "20"]
[EventDate "2002.??.??"]
[EventType "tourn"]
[EventRounds "13"]
[EventCountry "RUS"]
[SourceTitle "EXT 2003"]
[Source "ChessBase"]
[SourceDate "2002.11.25"]
[SourceVersion "1"]
[SourceVersionDate "2002.11.25"]
[SourceQuality "1"]

1. d4 d5 2. c4 c6 3. cxd5 cxd5 4. Nc3 Nf6 5. Nf3 Nc6 6. Bf4 Bf5 7. e3 e6 8. Bb5 Nd7 9. 0-0 Be7 10. a3 Rc8 1/2-1/2

[Event "Moscow Region-ch"]
[Site "Dubna"]
[Date "2001.??.??"]
[Round "7"]
[White "Karklin, Viacheslav"]
[Black "Novichkov, Vadim"]
[Result "0-1"]
[WhiteElo "2204"]
[BlackElo "2405"]
[PlyCount "106"]
[EventDate "2001.??.??"]
[EventType "swiss"]
[EventRounds "9"]
[EventCountry "RUS"]
[SourceTitle "EXT 2006"]
[Source "ChessBase"]
[SourceDate "2005.11.24"]
[SourceVersion "1"]
[SourceVersionDate "2005.11.24"]
[SourceQuality "1"]

1. d4 f5 2. Nf3 Nf6 3. c4 g6 4. g3 Bg7 5. Bg2 0-0 6. 0-0 d6 7. Nc3 Nc6 8. d5 Na5 9. Qd3 c5 10. Bg5 a6 11. Nd2 Ng4 12. Nf3 h6 13. Bd2 Rb8 14. Rab1 Bd7 15. h3 Ne5 16. Nxe5 dxe5 17. e4 b5 18. b3 f4 19. Rfe1 g5 20. gxf4 gxf4 21. Kh2 Kh8 22. Rg1 bxc4 23. bxc4 Qc7 24. Ne2 Rxb1 25. Rxb1 Nxc4 26. Qxc4 f3 27. a4 fxg2 28. Kxg2 Qd6 29. Be3 Qg6+ 30. Ng3 h5 31. Qe2 h4 32. Qh5+ Qh7 33. Qxh7+ Kxh7 34. Nf1 c4 35. a5 Bb5 36. Rc1 Bf6 37. Nd2 Rc8 38. Nb1 Rg8+ 39. Kh2 Rc8 40. Nc3 Be8 41. Nb1 Bg6 42. Nc3 Bh5 43. Rg1 Rb8 44. Bb6 Bf3 45. Be3 Rb3 46. Na4 Bxe4 47. Nc5 Bxd5 48. Nxb3 cxb3 49. Rb1 Kg6 50. Bc1 Kf5 51. Bb2 e4 52. Bxf6 exf6 53. Kg1 Bc4 0-1

[Event "Moscow Region-ch"]
[Site "Dubna"]
[Date "2001.??.??"]
[Round "4"]
[White "Novichkov, Vadim"]
[Black "Kiselev, Sergey"]
[Result "0-1"]
[WhiteElo "2405"]
[BlackElo "2454"]
[PlyCount "90"]
[EventDate "2001.??.??"]
[EventType "swiss"]
[EventRounds "9"]
[EventCountry "RUS"]
[SourceTitle "EXT 2006"]
[Source "ChessBase"]
[SourceDate "2005.11.24"]
[SourceVersion "1"]
[SourceVersionDate "2005.11.24"]
[SourceQuality "1"]

1. d4 d5 2. c4 c6 3. Nf3 Nf6 4. e3 a6 5. a4 g6 6. Nc3 Bg7 7. Qb3 0-0 8. a5 Ne4 9. cxd5 Nxc3 10. bxc3 cxd5 11. c4 dxc4 12. Bxc4 Nc6 13. Bd2 e5 14. Nxe5 Nxe5 15. dxe5 Bxe5 16. Bc3 Bxc3+ 17. Qxc3 Qg5 18. Kf1 Bd7 19. h4 Qh5 20. Be2 Bb5 21. Bxb5 Qxb5+ 22. Kg1 Rac8 23. Qf6 Rc6 24. Qf3 Qe5 25. Rb1 Rd8 26. Qf4 Qxa5 27. Rxb7 Qd5 28. Rb8 Rxb8 29. Qxb8+ Kg7 30. Kh2 Rc2 31. Kg3 h5 32. Rc1 Rxf2 33. Kxf2 Qd2+ 34. Kf3 Qxc1 35. Qe5+ Kh7 36. Qe7 Qc4 37. e4 a5 38. g3 a4 39. e5 Qe6 40. Qa7 Qb3+ 41. Kg2 a3 42. e6 Qb2+ 43. Kf3 a2 44. exf7 a1Q 45. f8N+ Kg8 0-1

[Event "Moscow Region-ch"]
[Site "Dubna"]
[Date "2001.??.??"]
[Round "5"]
[White "Prusakov, Dmitry"]
[Black "Novichkov, Vadim"]
[Result "0-1"]
[WhiteElo "2142"]
[BlackElo "2405"]
[PlyCount "92"]
[EventDate "2001.??.??"]
[EventType "swiss"]
[EventRounds "9"]
[EventCountry "RUS"]
[SourceTitle "EXT 2006"]
[Source "ChessBase"]
[SourceDate "2005.11.24"]
[SourceVersion "1"]
[SourceVersionDate "2005.11.24"]
[SourceQuality "1"]

1. e4 e6 2. d4 d5 3. Nc3 Bb4 4. e5 b6 5. Qg4 Bf8 6. a4 Nc6 7. Bb5 Bd7 8. Bg5 Nce7 9. Bd3 a6 10. Nf3 c5 11. 0-0 Qc8 12. Rfe1 c4 13. Bf1 Qc6 14. h4 h5 15. Qf4 Nh6 16. Bxh6 Rxh6 17. Ng5 f6 18. Nf3 Ng6 19. Qd2 Kf7 20. Ne2 fxe5 21. dxe5 Kg8 22. Ned4 Qc7 23. g3 Ne7 24. Bh3 Nc6 25. Nxc6 Qxc6 26. Nd4 Qc8 27. Re3 Bc5 28. b3 cxb3 29. cxb3 a5 30. Rc1 Qe8 31. Rf3 Rc8 32. Kh2 Qg6 33. Qd3 Qe4 34. Ne2 Qxe5 35. Nf4 Qd6 36. Re1 Rf8 37. Qe2 Rhf6 38. Rd3 Rxf4 39. gxf4 Qxf4+ 40. Kh1 Qxh4 41. Rf3 Rf5 42. Kg2 Qg5+ 43. Kf1 Rxf3 44. Qxf3 Qg6 45. Re5 Bc8 46. Qxh5 Ba6+ 0-1

[Event "Moscow Region-ch"]
[Site "Dubna"]
[Date "2001.??.??"]
[Round "1"]
[White "Spichkin, Alexander"]
[Black "Novichkov, Vadim"]
[Result "0-1"]
[WhiteElo "2152"]
[BlackElo "2405"]
[PlyCount "108"]
[EventDate "2001.??.??"]
[EventType "swiss"]
[EventRounds "9"]
[EventCountry "RUS"]
[SourceTitle "EXT 2006"]
[Source "ChessBase"]
[SourceDate "2005.11.24"]
[SourceVersion "1"]
[SourceVersionDate "2005.11.24"]
[SourceQuality "1"]

1. e4 c6 2. d4 d5 3. f3 e6 4. Nc3 Nf6 5. e5 Nfd7 6. f4 c5 7. Nf3 Nc6 8. Be3 Qb6 9. Na4 Qa5+ 10. c3 cxd4 11. b4 Qc7 12. Nxd4 Nxd4 13. Bxd4 Nb8 14. Be2 Nc6 15. Be3 d4 16. Bxd4 Nxd4 17. Qxd4 Bd7 18. Nb2 Rc8 19. Nd1 g5 20. f5 Rg8 21. fxe6 Bxe6 22. Bb5+ Ke7 23. 0-0 Bg7 24. Re1 Rgd8 25. Qe3 Qb6 26. Qxb6 axb6 27. c4 Bxc4 28. Bxc4 Rxc4 29. Ne3 Rxb4 30. Nf5+ Kf8 31. Rad1 Re8 32. Nxg7 Kxg7 33. Rd7 Kf8 34. Rxb7 Re7 35. Rb8+ Kg7 36. Kf2 Rb2+ 37. Kf3 Ra7 38. Re2 Ra3+ 39. Kf2 Raxa2 40. Rxb2 Rxb2+ 41. Kf3 h5 42. h3 Rb4 43. g4 h4 44. Ke3 b5 45. Kf3 Rf4+ 46. Ke3 b4 47. Rc8 f5 48. exf6+ Kxf6 49. Rb8 Rc4 50. Kd3 Rc3+ 51. Ke4 b3 52. Rb6+ Ke7 53. Kf5 Rxh3 54. Kxg5 Kd7 0-1

[Event "Zeleny Shum-A"]
[Site "Zeleny Shum"]
[Date "2000.??.??"]
[Round "9"]
[White "Iljushin, Alexei"]
[Black "Novichkov, Vadim"]
[Result "1-0"]
[WhiteElo "2509"]
[BlackElo "2419"]
[PlyCount "99"]
[EventDate "2000.??.??"]
[EventType "tourn"]
[EventRounds "11"]
[EventCountry "RUS"]
[EventCategory "9"]
[SourceTitle "EXT 2006"]
[Source "ChessBase"]
[SourceDate "2005.11.24"]
[SourceVersion "1"]
[SourceVersionDate "2005.11.24"]
[SourceQuality "1"]

1. c4 e5 2. Nc3 Nc6 3. g3 d6 4. Bg2 Be6 5. d3 Qd7 6. h4 Nf6 7. e4 Be7 8. Nge2 0-0 9. Nd5 Ne8 10. Be3 Nd8 11. d4 c6 12. Nxe7+ Qxe7 13. Rc1 c5 14. d5 Bd7 15. Nc3 Nc7 16. Bxc5 dxc5 17. d6 Qe8 18. dxc7 Nc6 19. Qd6 b6 20. f4 Qe6 21. Rd1 Nd4 22. fxe5 Qg4 23. Rd3 Be6 24. b3 Nc2+ 25. Kd2 Nd4 26. Rf1 Rae8 27. Rf4 Qh5 28. Bf3 Qh6 29. Ne2 f6 30. Nxd4 cxd4 31. Kc2 fxe5 32. Rxf8+ Rxf8 33. Qxe5 Qg6 34. h5 Qf7 35. Rxd4 Bc8 36. Rd3 h6 37. Qd6 Qf6 38. Qxf6 gxf6 39. Rd8 Kf7 40. Kc3 Ke7 41. Rxf8 Kxf8 42. Kd4 Ke7 43. e5 f5 44. Bc6 Ke6 45. b4 a6 46. Bd5+ Kd7 47. e6+ Kd6 48. c5+ bxc5+ 49. bxc5+ Kxc7 50. e7 1-0

[Event "Zeleny Shum-A"]
[Site "Zeleny Shum"]
[Date "2000.??.??"]
[Round "11"]
[White "Markosian, David S"]
[Black "Novichkov, Vadim"]
[Result "1/2-1/2"]
[WhiteElo "2406"]
[BlackElo "2419"]
[PlyCount "29"]
[EventDate "2000.??.??"]
[EventType "tourn"]
[EventRounds "11"]
[EventCountry "RUS"]
[EventCategory "9"]
[SourceTitle "EXT 2006"]
[Source "ChessBase"]
[SourceDate "2005.11.24"]
[SourceVersion "1"]
[SourceVersionDate "2005.11.24"]
[SourceQuality "1"]

1. e4 e5 2. Nf3 Nc6 3. d4 exd4 4. Nxd4 Nf6 5. Nc3 Bb4 6. Nxc6 bxc6 7. Bd3 d5 8. exd5 Qe7+ 9. Qe2 Qxe2+ 10. Kxe2 Nxd5 11. Nxd5 cxd5 12. Bb5+ Bd7 13. Bxd7+ Kxd7 14. Rd1 Ke6 15. Be3 1/2-1/2

[Event "Zeleny Shum-A"]
[Site "Zeleny Shum"]
[Date "2000.??.??"]
[Round "7"]
[White "Mesropov, Konstantin Eduard"]
[Black "Novichkov, Vadim"]
[Result "0-1"]
[WhiteElo "2420"]
[BlackElo "2419"]
[PlyCount "70"]
[EventDate "2000.??.??"]
[EventType "tourn"]
[EventRounds "11"]
[EventCountry "RUS"]
[EventCategory "9"]
[SourceTitle "EXT 2006"]
[Source "ChessBase"]
[SourceDate "2005.11.24"]
[SourceVersion "1"]
[SourceVersionDate "2005.11.24"]
[SourceQuality "1"]

1. d4 Nf6 2. c4 g6 3. Nc3 Bg7 4. e4 d6 5. Be2 0-0 6. Bg5 Na6 7. Qd2 e5 8. dxe5 dxe5 9. Qxd8 Rxd8 10. Nd5 Rd6 11. f3 c6 12. Nxf6+ Bxf6 13. Bxf6 Rxf6 14. 0-0-0 Nc7 15. Rd8+ Kg7 16. g4 Ne6 17. Re8 Nd4 18. Rxe5 Be6 19. b3 Rd8 20. Bd1 Bxg4 21. Re7 Bc8 22. e5 Rf5 23. Ne2 Nxe2+ 24. Bxe2 Kf8 25. Rc7 Rxe5 26. Rd1 Rde8 27. Bd3 R5e7 28. Rxe7 Kxe7 29. Kd2 Kf6 30. Rg1 Bf5 31. Be2 g5 32. Rh1 Bh3 33. b4 Kf5 34. Rc1 Kf4 35. c5 Be6 0-1

[Event "Zeleny Shum-C"]
[Site "Zeleny Shum"]
[Date "2000.??.??"]
[Round "5"]
[White "Nedochetov, Mikhail"]
[Black "Novichkov, Vadim"]
[Result "1/2-1/2"]
[WhiteElo "2328"]
[BlackElo "2419"]
[PlyCount "64"]
[EventDate "2000.??.??"]
[EventType "tourn"]
[EventRounds "11"]
[EventCountry "RUS"]
[EventCategory "3"]
[SourceTitle "EXT 2006"]
[Source "ChessBase"]
[SourceDate "2005.11.24"]
[SourceVersion "1"]
[SourceVersionDate "2005.11.24"]
[SourceQuality "1"]

1. d4 f5 2. g3 Nf6 3. Bg2 g6 4. Nf3 Bg7 5. 0-0 0-0 6. c3 Kh8 7. Nbd2 e6 8. Qc2 d5 9. Ne5 Nbd7 10. Nd3 Qe7 11. Nf3 c5 12. Nxc5 Nxc5 13. dxc5 Qxc5 14. Be3 Qe7 15. Bd4 Bd7 16. Ne5 Rfc8 17. Qd2 Be8 18. Qe3 b5 19. Rfd1 a6 20. h3 Kg8 21. Kh2 Rab8 22. Nd3 Ne4 23. Bxg7 Kxg7 24. f3 Nf6 25. f4 Ne4 26. a3 Kg8 27. Ne5 Qc5 28. Rd4 a5 29. Bf3 Qe7 30. Nd3 h5 31. Rg1 Rc7 32. Rc1 Kf8 1/2-1/2

[Event "Zeleny Shum-C"]
[Site "Zeleny Shum"]
[Date "2000.??.??"]
[Round "8"]
[White "Novichkov, Vadim"]
[Black "Denisov, Andrey"]
[Result "1/2-1/2"]
[WhiteElo "2419"]
[BlackElo "2194"]
[PlyCount "47"]
[EventDate "2000.??.??"]
[EventType "tourn"]
[EventRounds "11"]
[EventCountry "RUS"]
[EventCategory "3"]
[SourceTitle "EXT 2006"]
[Source "ChessBase"]
[SourceDate "2005.11.24"]
[SourceVersion "1"]
[SourceVersionDate "2005.11.24"]
[SourceQuality "1"]

1. d4 d5 2. c4 c6 3. Nf3 Nf6 4. Nc3 dxc4 5. a4 Bf5 6. e3 e6 7. Bxc4 Bb4 8. 0-0 Nbd7 9. Qe2 0-0 10. e4 Bg6 11. Bg5 Qa5 12. e5 Nd5 13. Nxd5 exd5 14. Bd3 Bxd3 15. Qxd3 Rae8 16. Bh4 f6 17. exf6 Nxf6 18. Bxf6 Rxf6 19. Ne5 Rf4 20. g3 Re4 21. Nf3 Qd8 22. Rac1 a5 23. Rc2 Qf6 24. Ne5 1/2-1/2

[Event "Zeleny Shum-C"]
[Site "Zeleny Shum"]
[Date "2000.??.??"]
[Round "11"]
[White "Novichkov, Vadim"]
[Black "Samarin, Igor Valerievich"]
[Result "0-1"]
[WhiteElo "2419"]
[BlackElo "2406"]
[PlyCount "24"]
[EventDate "2000.??.??"]
[EventType "tourn"]
[EventRounds "11"]
[EventCountry "RUS"]
[EventCategory "3"]
[SourceTitle "EXT 2006"]
[Source "ChessBase"]
[SourceDate "2005.11.24"]
[SourceVersion "1"]
[SourceVersionDate "2005.11.24"]
[SourceQuality "1"]

1. Nf3 d5 2. d4 c6 3. c4 Nf6 4. e3 Bg4 5. Nc3 e6 6. h3 Bh5 7. g4 Bg6 8. Ne5 Nbd7 9. Nxg6 hxg6 10. Qb3 Qb6 11. Bd2 Be7 12. Rc1 Ne4 0-1

[Event "Zeleny Shum-A"]
[Site "Zeleny Shum"]
[Date "2000.??.??"]
[Round "4"]
[White "Novichkov, Vadim"]
[Black "Zaitsev, Igor A"]
[Result "1/2-1/2"]
[WhiteElo "2419"]
[BlackElo "2420"]
[PlyCount "35"]
[EventDate "2000.??.??"]
[EventType "tourn"]
[EventRounds "11"]
[EventCountry "RUS"]
[EventCategory "9"]
[SourceTitle "EXT 2006"]
[Source "ChessBase"]
[SourceDate "2005.11.24"]
[SourceVersion "1"]
[SourceVersionDate "2005.11.24"]
[SourceQuality "1"]

1. e4 e5 2. Nf3 Nc6 3. Bb5 a6 4. Ba4 Nf6 5. 0-0 Be7 6. Bxc6 dxc6 7. d3 Bg4 8. h3 Bh5 9. Nbd2 Nd7 10. g4 Bg6 11. Nc4 f6 12. Nh4 Nc5 13. Nf5 Ne6 14. f4 Bc5+ 15. Kg2 b5 16. Na5 Qd7 17. Nb3 Bb6 18. Qf3 1/2-1/2

[Event "Zeleny Shum-A"]
[Site "Zeleny Shum"]
[Date "2000.??.??"]
[Round "1"]
[White "Novichkov, Vadim"]
[Black "Zaitsev, Vadim"]
[Result "1/2-1/2"]
[WhiteElo "2419"]
[BlackElo "2427"]
[PlyCount "52"]
[EventDate "2000.??.??"]
[EventType "tourn"]
[EventRounds "11"]
[EventCountry "RUS"]
[EventCategory "9"]
[SourceTitle "EXT 2006"]
[Source "ChessBase"]
[SourceDate "2005.11.24"]
[SourceVersion "1"]
[SourceVersionDate "2005.11.24"]
[SourceQuality "1"]

1. e4 d5 2. exd5 Qxd5 3. Nc3 Qd6 4. d4 Nf6 5. Nf3 a6 6. Be2 Nc6 7. Be3 Bg4 8. Qd2 e6 9. Bf4 Qd7 10. Rd1 0-0-0 11. Ne5 Nxe5 12. dxe5 Qxd2+ 13. Rxd2 Rxd2 14. Kxd2 Bxe2 15. Kxe2 Nd7 16. Ne4 Nc5 17. Nxc5 Bxc5 18. Rd1 Rd8 19. Rxd8+ Kxd8 20. Be3 Bxe3 21. Kxe3 Kd7 22. Kd4 Kc6 23. Kc4 b5+ 24. Kd4 g5 25. c4 b4 26. b3 Kb6 1/2-1/2

[Event "RUS-Cup03 Geller Memorial"]
[Site "Moscow"]
[Date "1999.02.09"]
[Round "8"]
[White "Grigoriants, Sergey"]
[Black "Novichkov, Vadim"]
[Result "1/2-1/2"]
[WhiteElo "2313"]
[BlackElo "2420"]
[PlyCount "87"]
[EventDate "1999.02.10"]
[EventType "swiss"]
[EventRounds "9"]
[EventCountry "RUS"]
[SourceTitle "CBM 070"]
[Source "ChessBase"]
[SourceDate "1999.06.08"]
[SourceVersion "1"]
[SourceVersionDate "1999.06.08"]
[SourceQuality "1"]

1. e4 e5 2. Nf3 Nc6 3. Bb5 a6 4. Ba4 d6 5. c3 Bd7 6. 0-0 Nge7 7. d4 Ng6 8. Nbd2 Be7 9. Re1 h6 10. Nf1 Bg5 11. Ne3 Bxe3 12. Bxe3 0-0 13. h3 Qe7 14. Bc2 Rad8 15. Nh2 Qh4 16. Nf1 Nf4 17. Qf3 Qh5 18. Qg3 g5 19. Bd1 Qg6 20. Bc2 Kh8 21. dxe5 dxe5 22. Bc5 Rfe8 23. Qe3 Be6 24. b3 Rd7 25. Rad1 Red8 26. Rxd7 Rxd7 27. Rd1 Rxd1 28. Bxd1 Qf6 29. Qd2 Qd8 30. Qxd8+ Nxd8 31. Ne3 Nc6 32. Ba3 Kg7 33. Bf3 h5 34. Kh2 Kg6 35. Bd1 Nb8 36. Kg1 Nd7 37. Kf1 f6 38. Be7 c6 39. Bc2 Kf7 40. Bd6 Nb6 41. Ke1 Nc8 42. Bc5 Ke8 43. Kd2 Kd7 44. Ke1 1/2-1/2

[Event "Moscow-ch"]
[Site "Moscow"]
[Date "1999.??.??"]
[Round "3"]
[White "Lastin, Alexander"]
[Black "Novichkov, Vadim"]
[Result "1-0"]
[WhiteElo "2558"]
[BlackElo "2420"]
[PlyCount "51"]
[EventDate "1999.??.??"]
[EventType "swiss"]
[EventRounds "9"]
[EventCountry "RUS"]
[SourceTitle "EXT 2001"]
[Source "ChessBase"]
[SourceDate "2000.11.22"]
[SourceVersion "1"]
[SourceVersionDate "2000.11.22"]
[SourceQuality "1"]

1. Nf3 Nf6 2. c4 e6 3. Nc3 d5 4. d4 c6 5. Bg5 Be7 6. e3 Ne4 7. Nxe4 dxe4 8. Bxe7 Qxe7 9. Nd2 f5 10. Qh5+ Qf7 11. Qh4 Qf6 12. Qxf6 gxf6 13. c5 Ke7 14. Nc4 Nd7 15. Na5 e5 16. Bc4 f4 17. exf4 exd4 18. b4 f5 19. 0-0-0 d3 20. Rhe1 Kf6 21. f3 b6 22. Nxc6 Bb7 23. fxe4 Bxc6 24. Rxd3 Bxe4 25. Rxd7 bxc5 26. Red1 1-0